| 000 | 02539nam a2200361 4500 | ||
|---|---|---|---|
| 005 | 20200116120147.0 | ||
| 008 | 160523k19411968enk |||fr|||| 001 0 mul d | ||
| 020 | _a978-0-674-99398-3 | ||
| 020 | _a978-0-674-99448-5 | ||
| 020 | _a978-0-674-99449-2 | ||
| 040 |
_aCO-BoUCM _bspa _cSandra Yazo _dSandra Yazo |
||
| 041 | 1 |
_alat _aeng |
|
| 082 | 0 | 4 |
_220 _a630 |
| 092 | _aE61N075 | ||
| 100 | 1 |
_aColumela, Lucio Junio Moderato _999632 |
|
| 242 | 0 | 0 |
_aLucio Junio Moderato, Columela. _bSobre la Agricultura _cTraducción inglesa de Harrison Boyd Ash, E. S. Forster y Edward H. _yspa |
| 245 | 1 | 0 |
_aLucius Junius Moderatus. Columella _bOn Agriculture _cWith an english translation by Harrison Boyd Ash, E. S. Forster and Edward H. Heffner |
| 260 |
_aLondon (Inglaterra) _bHarvard University Press [Imprenta de la Universidad de Harvard] _c1935 |
||
| 300 |
_a3 volúmenes (xxxiii, 461 ; xi, 503 ; vii, 435 páginas) _c16 x 11 cm. |
||
| 490 | 0 |
_aLoeb classical Library _v361 ; 407 ; 408 |
|
| 500 | _aDetalles físicos: Encuadernación rígida. Cartón duro forrado en tela. Lomo con adornos en dorado. En la tapa delantera anagrama en dorado. Cubierta de papel rojo con solapa, que incluye datos de autor y de la obra. Guardas. Hoja de cortesía. Anteportada. Portada impresa en una sola tinta; información sobre la obra dentro de un recuadro. Pequeño grabado con el emblema de la Colección (Palas Athenea); en el círculo, la inscripción “Loeb Classical Library”. Texto muy bien impreso en una sola columna: el texto latín, con párrafos numerados, ocupa la página derecha; la traducción inglesa correspondiente a la página de la izquierda. Notas de pie de página. Incluye índice. Hojas de cortesía posteriores y guardas. V.2: incluye esquemas y gráficos | ||
| 505 | 0 | _aV.1: Prefacios ; Introducción ; Bibliografía ; Siglas ; Sobre la Agricultura: Libros I- IV (Extensos sumarios) -- V.2: Libros V - IX -- V.3: Siglas ; Sobre la Agricultura: Libros X - XII ; Libro sobre los árboles ; Índices | |
| 506 | _aConsulta en sala | ||
| 546 | _aTexto en latín e inglés | ||
| 650 | 7 |
_aAutores latinos _99820 |
|
| 650 | 7 |
_aLiteratura clásica _918628 |
|
| 651 | 0 | 4 |
_aRoma _xVida en el campo _zSiglo I d. C. _999635 |
| 690 |
_aLiteratura latina _97796 |
||
| 700 | 1 |
_aAsh, Harrison Boyd _etraductor _d1891-1944 _999637 |
|
| 700 | 1 |
_aForster, E. S. _etraductor _d1879-1950 _999549 _q(Edward Seymour) |
|
| 700 | 1 |
_aHeffner, Edward H. _etraductor _d1886- _q(Edward Hoch) _999640 |
|
| 942 |
_2LOCAL _cLIBRO _e1 _hE61N075 |
||
| 999 |
_c317007 _d317007 |
||